[Event "29th ECC Open 2013"]
[Site "Rhodes GRE"]
[Date "2013.10.21"]
[Round "2.4"]
[White "Vedder,H"]
[Black "Dreev,A"]
[Result "1/2-1/2"]
[WhiteElo "2367"]
[BlackElo "2679"]

1.e4 c6 2.d4 d5 3.Nd2 dxe4 4.Nxe4 Bf5 5.Ng3 Bg6 6.N1e2 Nd7 7.Nf4 e5 8.Nxg6 hxg6
9.dxe5 Qa5+ 10.Bd2 Qxe5+ 11.Qe2 O-O-O 12.O-O-O Ngf6 13.Qc4 Nd5 14.Re1 Qc7
15.h4 Bc5 16.Ne4 Bb6 17.f4 Rhe8 18.g3 f5 19.Nc3 N7f6 20.Rxe8 Rxe8 21.Nxd5 cxd5
22.Qxc7+ Kxc7 23.Bb5 Re7 24.Rh2 Ng4 25.Rg2 Nf2 26.a4 a6 27.Bf1 Kd7 28.a5 Ba7
29.c4 Kc6 30.Bc3 Re4 31.cxd5+ Kxd5 32.Kc2 Re7 33.Rh2 Rc7 34.Bg2+ Ke6 35.Bf3 Be3
36.h5 gxh5 37.Rxh5 Bd4 38.Kb3 Bxc3 39.bxc3 Kf6 40.Rh8 Ne4 41.Bxe4 fxe4 42.g4 Kf7
43.Rh3 Re7 44.Kc2 e3 45.Kd1 Re4 46.Rf3 Ra4 47.Ke2 Rxa5 48.Kxe3 Ra4 49.Kd3 b5
50.Rf1 Kf6 51.Rf2 Ra1 52.Ke4 Ra4+ 53.Kd3 Ke6 54.Rf1 Kf7 55.Rf2 Ra1 56.Ke4 Re1+
57.Kf5 Re6 58.Ra2 Rf6+ 59.Ke5 Re6+ 60.Kf5 Rc6 61.Ke5 Re6+ 62.Kf5 Ke7 63.Ra1 Rc6
64.Ke5 Rc5+ 65.Ke4 Rc4+ 66.Kf5 Rc6 67.Ke5 Rc5+ 68.Ke4 Rc4+ 69.Kf5 Rc6 70.Ke4  1/2-1/2

[Event "29th ECC Open 2013"]
[Site "Rhodes GRE"]
[Date "2013.10.22"]
[Round "3.4"]
[White "Judkovsky,Yair"]
[Black "Dreev,A"]
[Result "0-1"]
[WhiteElo "2348"]
[BlackElo "2679"]

1.e4 c6 2.d4 d5 3.Nd2 dxe4 4.Nxe4 Bf5 5.Ng3 Bg6 6.h4 h6 7.Nf3 Nf6 8.h5 Bh7
9.Bd3 Bxd3 10.Qxd3 e6 11.Bf4 Bd6 12.Bxd6 Qxd6 13.O-O-O Nbd7 14.Qe2 O-O 15.Kb1 Rfd8
16.Ne5 c5 17.Nxd7 Qxd7 18.dxc5 Qc6 19.f3 Qxc5 20.Ne4 Nxe4 21.Qxe4 b5 22.g4 a5
23.Rd3 Rac8 24.Qe2 Rxd3 25.Qxd3 b4 26.b3 Qe5 27.Rd1 Rc3 28.Qa6 Kh7 29.Qf1 Qh2
30.Rc1 Qf4 31.Qb5 Rxf3 32.Qxa5 Qxg4 33.Qb5 f5 34.Qe8 f4 35.Qe7 Qxh5 36.Qxb4 Qd5
37.a4 e5 38.a5 Rg3 39.Qe1 Re3 40.Qb4 Rg3 41.Qe1 e4 42.Rd1 Qe5 43.Qe2 Rg6
44.a6 f3 45.Qc4 e3 46.a7 e2 47.Rc1 Qe8 48.Qd5 f2 49.a8=Q Qxa8 50.Qxa8 e1=Q
51.Qf3 Qxc1+ 52.Kxc1 Rg1+ 53.Kb2 f1=Q 54.Qe4+ Rg6  0-1

[Event "29th ECC Open 2013"]
[Site "Rhodes GRE"]
[Date "2013.10.23"]
[Round "4.2"]
[White "Dreev,A"]
[Black "Matlakov,M"]
[Result "1/2-1/2"]
[WhiteElo "2679"]
[BlackElo "2682"]

1.d4 Nf6 2.c4 e6 3.Nc3 Bb4 4.Qc2 d5 5.a3 Bxc3+ 6.Qxc3 Ne4 7.Qc2 c5 8.dxc5 Nc6
9.cxd5 exd5 10.Nf3 Qf6 11.h4 Bf5 12.Bg5 Qe6 13.Qc1 h6 14.Bf4 d4 15.e3 O-O
16.Bc4 Qg6 17.O-O Rad8 18.exd4 Bh3 19.Bg3 Nxg3 20.fxg3 Qxg3 21.Qd2 Nxd4 22.Qf2 Nxf3+
23.Qxf3 Qxf3 24.Rxf3 Be6 25.Bxe6 fxe6 26.Raf1 Rxf3 27.Rxf3 e5 28.b4 a5 29.Rc3 axb4
30.axb4 Rd1+ 31.Kf2 Rb1 32.Rc4 Kf7 33.h5 g6 34.c6 bxc6 35.Rxc6 gxh5 36.Rxh6 Rxb4
37.Rxh5 Kf6 38.Kf3 Rb3+ 39.Ke4 Rb4+ 40.Ke3 Ra4 41.Rh8 Ra3+  1/2-1/2

[Event "29th ECC Open 2013"]
[Site "Rhodes GRE"]
[Date "2013.10.25"]
[Round "6.4"]
[White "Sjugirov,S"]
[Black "Dreev,A"]
[Result "1-0"]
[WhiteElo "2635"]
[BlackElo "2679"]

1.e4 c6 2.d4 d5 3.e5 Bf5 4.Nf3 e6 5.Be2 Ne7 6.O-O Bg6 7.Nbd2 Nf5 8.Nb3 Nd7
9.Bd2 Be7 10.g4 Nh4 11.Nxh4 Bxh4 12.f4 f5 13.exf6 Qxf6 14.g5 Qf7 15.Na5 O-O-O
16.c4 Bf5 17.Rc1 Nb6 18.c5 Nc4 19.Bxc4 dxc4 20.Nxc4 Bh3 21.Rf3 Bg4 22.Ne5 Qf5
23.Qa4 Rxd4 24.Qxa7 Rxd2 25.Qa8+ Kc7 26.Qa5+ Kb8 27.Nxc6+  1-0

[Event "29th ECC Open 2013"]
[Site "Rhodes GRE"]
[Date "2013.10.26"]
[Round "7.5"]
[White "Dreev,A"]
[Black "Mamedov,Rau"]
[Result "1/2-1/2"]
[WhiteElo "2679"]
[BlackElo "2641"]

1.d4 d6 2.e4 e5 3.dxe5 dxe5 4.Qxd8+ Kxd8 5.Bc4 Be6 6.Bxe6 fxe6 7.Be3 Nf6
8.f3 Nbd7 9.Nd2 Bc5 10.Bxc5 Nxc5 11.Nc4 Ncd7 12.Nh3 b5 13.Na5 c5 14.a4 a6
15.axb5 axb5 16.c4 Kc7 17.cxb5 Rhb8 18.Ke2 Rxb5 19.Nc4 Rxa1 20.Rxa1 Nb6 21.Ra7+ Kb8
22.Ra5 Rb4 23.Nxb6 Rxb2+ 24.Kf1 Rxb6 25.Rxc5 Nd7 26.Rc2 h6 27.Nf2 Kb7 28.Ke2 Rc6
29.Ra2 Ra6 30.Rxa6 Kxa6 31.Nd3 Kb5 32.f4 exf4 33.Nxf4 Nf8 34.Kd3 Kc5 35.g3 Kd6
36.Ke3 e5 37.Nd3 Nd7 38.h3 Ke6 39.Kf3 g6 40.Ke3 Kd6  1/2-1/2

[Event "ch-European Blitz 2013"]
[Site "Warsaw POL"]
[Date "2013.12.13"]
[Round "1.2"]
[White "Dreev,A"]
[Black "Otikova,Elina"]
[Result "1-0"]
[WhiteElo "2673"]
[BlackElo "1936"]

1.d4 d5 2.c4 e6 3.Nc3 Nf6 4.cxd5 exd5 5.Bg5 Bb4 6.e3 h6 7.Bxf6 Qxf6 8.Qb3 c5
9.a3 Bxc3+ 10.Qxc3 Nd7 11.Nf3 O-O 12.Be2 c4 13.b3 b5 14.a4 bxa4 15.bxc4 Ba6
16.c5 Bxe2 17.Kxe2 Rfc8 18.Qd3 Rab8 19.Rhc1 Rb2+ 20.Kf1 g5 21.Rab1 Rcb8 22.Rxb2 Rxb2
23.h3 h5 24.Qa3 Qa6+ 25.Kg1 Qe2 26.Rf1 g4 27.hxg4 hxg4 28.Nh4 g3 29.fxg3 Rb3
30.Qxa4 Qxe3+ 31.Kh1 Qxg3 32.Nf5 Qd3 33.Rf3 Rb1+ 34.Kh2 Nf6 35.Rxd3 Ng4+
36.Kg3 Nf6 37.Re3 Ne4+ 38.Rxe4 dxe4 39.Qe8+ Kh7 40.Qxf7+ Kh8 41.Qg7+  1-0

[Event "ch-European Blitz 2013"]
[Site "Warsaw POL"]
[Date "2013.12.13"]
[Round "1.1"]
[White "Otikova,Elina"]
[Black "Dreev,A"]
[Result "0-1"]
[WhiteElo "1936"]
[BlackElo "2673"]

1.e4 c6 2.d4 d5 3.Nd2 dxe4 4.Nxe4 Bf5 5.Ng3 Bg6 6.Bc4 e6 7.N1e2 Nf6 8.O-O Nbd7
9.f4 Nb6 10.Bb3 Qd7 11.c3 Bd6 12.f5 exf5 13.Nf4 Bxf4 14.Bxf4 O-O 15.Bc2 Nbd5
16.c4 Nxf4 17.Rxf4 Rad8 18.Bxf5 Qd6 19.Qf1 Rfe8 20.Rd1 Qb4 21.b3 Qc3 22.Bxg6 hxg6
23.Rf3 Qb2 24.Rf2 Qa3 25.Re2 a5 26.Qe1 a4 27.Ne4 Nxe4 28.Rxe4 Rxe4 29.Qxe4 axb3
30.axb3 Qxb3 31.Rb1 Qxc4 32.Rxb7 Qc1+ 33.Kf2 Qd2+ 34.Kg3 Qxd4 35.Qxd4 Rxd4
36.Rc7 Rc4 37.Kf3 g5 38.Ke3 Rc2 39.Kf3 g4+ 40.Kg3 g6 41.h3 gxh3 42.Kxh3 Kg7
43.g4 Kf6 44.Kg3 Rc3+ 45.Kf4 g5+ 46.Ke4 Ke6 47.Kd4 Rc1 48.Rc8 f6 49.Re8+ Kf7
50.Rc8 Rg1 51.Rxc6 Rxg4+ 52.Ke3 Rf4 53.Rc2 Kg6 54.Rg2 Ra4 55.Kf3 f5 56.Kg3 Rg4+
57.Kf3 Rxg2  0-1

[Event "ch-European Blitz 2013"]
[Site "Warsaw POL"]
[Date "2013.12.13"]
[Round "2.1"]
[White "Dreev,A"]
[Black "Plonczak,D"]
[Result "1-0"]
[WhiteElo "2673"]
[BlackElo "2216"]

1.d4 d5 2.c4 c6 3.Nf3 Nf6 4.e3 a6 5.Bd3 Bg4 6.Nbd2 e6 7.Qc2 Bd6 8.O-O Nbd7
9.b3 O-O 10.Bb2 b5 11.Ne5 bxc4 12.bxc4 Bh5 13.Nxc6 Qc7 14.cxd5 exd5 15.Ne7+ Kh8
16.Qxc7 Bxc7 17.Rfc1 Bd6 18.Nf5 Bb4 19.Nb3 Bg6 20.f3 Rab8 21.Rab1 a5 22.a3 a4
23.axb4 axb3 24.Ba3 Nb6 25.b5 Rfc8 26.Rxc8+ Rxc8 27.Rxb3 Nc4 28.Nd6 Nxd6
29.Bxd6 Bxd3 30.Rxd3 Rc1+ 31.Kf2 Rb1 32.Rc3 h5 33.Rc5 h4 34.h3 Rb2+ 35.Kg1 Rb3
36.Bf4 Kh7 37.Bg5 Kg6 38.Bxh4 Rxe3 39.Bxf6 Kxf6 40.Rxd5 Rb3 41.Kf2 Ke6 42.Re5+ Kd6
43.g4 Rd3 44.Re4 Rb3 45.Rf4 f6 46.Rf5 Rb4 47.Ke3 Rb3+ 48.Ke4 Ke6 49.Rc5 Rb1
50.Rc6+ Kf7 51.b6 Rb5 52.h4 Rb4 53.Kd5 Rb3 54.Kc4 Rb1 55.Kc5 Ke7 56.Rc7+ Ke6
57.d5+  1-0

[Event "ch-European Blitz 2013"]
[Site "Warsaw POL"]
[Date "2013.12.13"]
[Round "3.2"]
[White "Dreev,A"]
[Black "Schoorl,R"]
[Result "1-0"]
[WhiteElo "2673"]
[BlackElo "2317"]

1.d4 Nf6 2.c4 g6 3.Nc3 Bg7 4.e4 O-O 5.f3 d6 6.Nge2 Nc6 7.Be3 a6 8.Qd2 Rb8
9.Rc1 e5 10.d5 Na5 11.Ng3 c5 12.dxc6 bxc6 13.b3 c5 14.Rd1 Nc6 15.Qxd6 Qa5
16.Qd2 Nd4 17.Bd3 h5 18.O-O h4 19.Nge2 h3 20.g3 Bd7 21.Nd5 Qd8 22.Bg5 Be6
23.Nxd4 cxd4 24.f4 Bxd5 25.fxe5 Be6 26.exf6 Bh8 27.Rf4 Qd6 28.Rh4 Qc5 29.Qf4 Qa3
30.Rxh8+ Kxh8 31.Qh4+ Kg8 32.Qh6  1-0

[Event "ch-European Blitz 2013"]
[Site "Warsaw POL"]
[Date "2013.12.13"]
[Round "3.1"]
[White "Schoorl,R"]
[Black "Dreev,A"]
[Result "0-1"]
[WhiteElo "2317"]
[BlackElo "2673"]

1.e4 c6 2.c4 d5 3.cxd5 cxd5 4.exd5 Nf6 5.Nc3 Nxd5 6.Nf3 Nxc3 7.bxc3 Qc7 8.Bb5+ Bd7
9.a4 e6 10.O-O Bd6 11.Re1 O-O 12.Qb3 Nc6 13.d4 Rac8 14.Bd3 Na5 15.Qc2 h6
16.Bb2 Rfd8 17.Qe2 Bc6 18.Bc2 Bd5 19.Qd3 f5 20.h3 Bf4 21.g3 Bxg3 22.Ne5 Bxe5
23.dxe5 Nc4 24.Bc1 Nxe5 25.Qg3 Nf3+  0-1

[Event "ch-European Blitz 2013"]
[Site "Warsaw POL"]
[Date "2013.12.13"]
[Round "4.2"]
[White "Pakleza,Z"]
[Black "Dreev,A"]
[Result "0-1"]
[WhiteElo "2490"]
[BlackElo "2673"]

1.d4 d5 2.Bf4 Nf6 3.e3 c6 4.Nf3 Bg4 5.c4 e6 6.Qb3 Qb6 7.Ne5 Bf5 8.c5 Qxb3
9.axb3 Bxb1 10.Rxb1 Nbd7 11.b4 a6 12.Bd3 Nxe5 13.Bxe5 Nd7 14.Bg3 Be7 15.Kd2 O-O
16.Rhe1 Rfe8 17.e4 dxe4 18.Bxe4 Nf6 19.Kc3 Nxe4+ 20.Rxe4 Rad8 21.Rd1 Rd5
22.Rd3 Red8 23.Re5 Bf6 24.Rxd5 Rxd5 25.Be5 Be7 26.Kc4 f6 27.Bg3 Kf7 28.h3 h5
29.Re3 g5 30.f3 Bf8 31.Re2 Bg7 32.Bd6 h4 33.Re3 f5 34.Be5 Bxe5 35.Rxe5 Rd7
36.Kb3 Rxd4 37.Re2 Kf6 38.Ka4 e5 39.Ka5 e4 40.b5 cxb5 41.Kb6 exf3 42.gxf3 Rd7
43.b4 g4 44.fxg4 fxg4 45.Re4 g3 46.Rxh4 Rg7 47.Rf4+ Ke5 48.Rf1 Ke4 49.h4 g2
50.Rg1 Kf3 51.Rb1 g1=Q 52.Rxg1 Rxg1 53.Kxb7 Rg4 54.Kxa6 Rxb4 55.c6 Rb1 56.h5 b4
57.h6 Rc1 58.Kb5 b3 59.h7 b2 60.h8=Q b1=Q+ 61.Ka5 Rc5+ 62.Ka4 Qb5+ 63.Ka3 Qa5+
64.Kb3 Qb5+ 65.Ka3 Qa6+ 66.Kb4 Qb6+  0-1

[Event "ch-European Blitz 2013"]
[Site "Warsaw POL"]
[Date "2013.12.13"]
[Round "4.1"]
[White "Dreev,A"]
[Black "Pakleza,Z"]
[Result "1-0"]
[WhiteElo "2673"]
[BlackElo "2490"]

1.d4 d5 2.c4 c6 3.Nf3 Nf6 4.e3 Bf5 5.Nc3 e6 6.Nh4 Be4 7.f3 Bg6 8.Qb3 Qb6
9.Nxg6 hxg6 10.Bd2 Nbd7 11.Bd3 Bd6 12.O-O-O Qxb3 13.axb3 O-O-O 14.h3 g5 15.Kc2 Nh5
16.Rhe1 Rde8 17.e4 Bg3 18.Re2 dxc4 19.bxc4 Nf4 20.Bxf4 Bxf4 21.b4 a6 22.e5 f5
23.Ra1 Kc7 24.Kb3 Rd8 25.Bc2 Nf8 26.d5 cxd5 27.cxd5 g6 28.d6+ Kb8 29.Na4 Nd7
30.Nc5 Nxc5+ 31.bxc5 Rc8 32.Ra5 Rc6 33.Bd3 Rhc8 34.Kb4 b6 35.Rxa6 bxc5+ 36.Kc3 Rxa6
37.Bxa6 Rc6 38.Bc4 Rc8 39.Bxe6 Re8 40.Kc4 Rxe6 41.Kd5 Re8 42.e6 c4  1-0

[Event "ch-European Blitz 2013"]
[Site "Warsaw POL"]
[Date "2013.12.13"]
[Round "5.1"]
[White "Rapport,R"]
[Black "Dreev,A"]
[Result "1-0"]
[WhiteElo "2687"]
[BlackElo "2673"]

1.b3 d5 2.Bb2 c6 3.e3 Nf6 4.Ne2 g6 5.Bxf6 exf6 6.g3 Bg4 7.Bg2 Nd7 8.h3 Bxe2
9.Qxe2 f5 10.c4 Bg7 11.d4 Nf6 12.Nc3 Ne4 13.Bxe4 dxe4 14.c5 h5 15.h4 O-O
16.Kf1 b6 17.Na4 Rb8 18.Rc1 Qd7 19.Kg2 Bf6 20.cxb6 axb6 21.Rc2 Rfc8 22.Rhc1 Kg7
23.Nb2 b5 24.a4 bxa4 25.Nxa4 Qd5 26.Qc4 Qxc4 27.Rxc4 Rxb3 28.Rxc6 Rxc6 29.Rxc6 f4
30.gxf4 Bxh4 31.Nc5 Rb2 32.Nxe4 f5 33.Rc7+ Kf8 34.Ng3 Be7 35.Kf3 h4 36.Ne2 h3
37.Rc1 Kg7 38.Rh1 Bb4 39.Rxh3 Ra2 40.Rh1 Kf7 41.Rb1 Bd2 42.Ng1 Kf6 43.Nh3 Ke7
44.Rb6 Kf7 45.Ng5+ Kg7 46.Rb7+ Kg8 47.Nh3 Kf8 48.Ke2 Ba5+ 49.Kd3 Be1 50.f3 Rd2+
51.Kc4 Re2 52.d5 Rxe3 53.Ng5 Rc3+ 54.Kd4 Rc1 55.Ne6+ Ke8 56.Ke5 Bc3+ 57.Kd6 Bf6
58.Rb8+ Kf7 59.Rf8+  1-0

[Event "ch-European Blitz 2013"]
[Site "Warsaw POL"]
[Date "2013.12.13"]
[Round "5.2"]
[White "Dreev,A"]
[Black "Rapport,R"]
[Result "1-0"]
[WhiteElo "2673"]
[BlackElo "2687"]

1.d4 g6 2.c4 Bg7 3.e4 d6 4.Nc3 Nd7 5.Bg5 h6 6.Be3 b6 7.Bd3 Bb7 8.Nge2 e6
9.Qd2 a6 10.O-O Ne7 11.f4 c5 12.f5 gxf5 13.exf5 Nxf5 14.Bxf5 exf5 15.Ng3 Rg8
16.Nxf5 Qc7 17.d5 Ne5 18.Bxh6 Bh8 19.Bg5 f6 20.Bf4 O-O-O 21.Bxe5 fxe5 22.Ne4 Rg6
23.Rf2 Kb8 24.Raf1 Bc8 25.Qe2 Qh7 26.g3 Qh3 27.Ne7 Rdg8 28.Nxg8 Rxg8 29.Rf8 Rg6
30.Qf3 Bg7 31.Rg8 Rh6 32.Qf2 Qg4 33.Qf5 Qxf5 34.Rxf5 Rh7 35.Rf7  1-0

[Event "ch-European Blitz 2013"]
[Site "Warsaw POL"]
[Date "2013.12.13"]
[Round "6.2"]
[White "Dubov,Daniil"]
[Black "Dreev,A"]
[Result "0-1"]
[WhiteElo "2629"]
[BlackElo "2673"]

1.e4 c5 2.Nf3 Nc6 3.Nc3 d6 4.d4 cxd4 5.Nxd4 Nf6 6.Bg5 Bd7 7.Qd2 Rc8 8.Nxc6 Bxc6
9.f3 h6 10.Be3 a6 11.O-O-O g6 12.Qf2 Nd7 13.Bd4 e5 14.Be3 b5 15.Kb1 Qc7 16.Nd5 Bxd5
17.Rxd5 Nf6 18.Rd2 Bg7 19.g4 O-O 20.h4 d5 21.exd5 Nd7 22.d6 Qc6 23.h5 f5
24.gxf5 Rxf5 25.hxg6 Rcf8 26.Bg2 e4 27.f4 Ne5 28.Bh3 R5f6 29.d7 Rd8 30.Bd4 Nc4
31.Rdd1 e3 32.Qe2 Rd6 33.Bxg7 Kxg7 34.Rxd6 Qxh1+ 35.Qd1 Qxd1+ 36.Rxd1 Kxg6
37.b3 Nd2+ 38.Kc1 Nf3 39.Rd6+ Kh5 40.Re6 Kh4 41.Bg2 Kg3 42.Bf1 Kf2 43.Bh3 e2
44.f5 Rxd7 45.f6 Rf7 46.Bg4 e1=Q+ 47.Rxe1 Nxe1  0-1

[Event "ch-European Blitz 2013"]
[Site "Warsaw POL"]
[Date "2013.12.13"]
[Round "6.1"]
[White "Dreev,A"]
[Black "Dubov,Daniil"]
[Result "0-1"]
[WhiteElo "2673"]
[BlackElo "2629"]

1.d4 d5 2.c4 c6 3.Nf3 Nf6 4.e3 Bg4 5.Nc3 e6 6.h3 Bxf3 7.Qxf3 Nbd7 8.cxd5 cxd5
9.Bd2 a6 10.Bd3 Bd6 11.O-O b5 12.e4 b4 13.Nxd5 exd5 14.e5 Be7 15.exf6 Nxf6
16.Rac1 O-O 17.Rc6 Qa5 18.Bb1 Rfc8 19.Rxc8+ Rxc8 20.Re1 Bf8 21.Qf5 Qc7 22.Bg5 Ne4
23.Bf4 Qc6 24.Bxe4 dxe4 25.Rc1 Qe6 26.Qxe6 Rxc1+ 27.Bxc1 fxe6 28.Kf1 g6 29.Ke2 Bg7
30.Be3 Kf7 31.Kd2 a5 32.Kc2 a4 33.b3 a3 34.Kd2 Ke7 35.Ke2 Kd7 36.Bd2 Bf8
37.Ke3 Bh6+ 38.Ke2 Bxd2 39.Kxd2 Kd6 40.h4 Kd5 41.Ke3 h6 42.g4 g5 43.h5 e5
44.dxe5 Kxe5  0-1

[Event "ch-European Blitz 2013"]
[Site "Warsaw POL"]
[Date "2013.12.13"]
[Round "7.1"]
[White "Jussupow,Ar"]
[Black "Dreev,A"]
[Result "0-1"]
[WhiteElo "2583"]
[BlackElo "2673"]

1.d4 d5 2.c4 c6 3.Nc3 Nf6 4.e3 e6 5.Bd3 Nbd7 6.b3 b6 7.Nf3 Bb7 8.Bb2 Be7
9.O-O O-O 10.Qe2 Qc7 11.Rac1 Rad8 12.e4 dxe4 13.Nxe4 c5 14.Rfd1 Qf4 15.Nfd2 cxd4
16.Bxd4 Ne5 17.Nxf6+ Bxf6 18.Bxe5 Qxe5 19.Qxe5 Bxe5 20.Be4 Rxd2 21.Bxb7 Rxa2
22.g3 g6 23.c5 bxc5 24.Rxc5 Bf6 25.Rd7 Bd8 26.Be4 Re2 27.Bd3 Rb2 28.Bc2 Bb6
29.Rc6 Rb8 30.h4 Kg7 31.Kf1 Ra2 32.Ke2 Rd8 33.Rxd8 Bxd8 34.f4 Bb6 35.g4 Ra1
36.h5 gxh5 37.gxh5 Rh1 38.f5 Rxh5 39.fxe6 Re5+ 40.Kf3 fxe6 41.Rd6 h5 42.Rd7+ Kf6
43.Rh7 Rg5 44.Kf4 Rg4+ 45.Kf3 Rg5 46.Kf4 Rb5  0-1

[Event "ch-European Blitz 2013"]
[Site "Warsaw POL"]
[Date "2013.12.13"]
[Round "8.1"]
[White "Dreev,A"]
[Black "Klekowski,M"]
[Result "1-0"]
[WhiteElo "2673"]
[BlackElo "2402"]

1.d4 Nf6 2.c4 e6 3.Nc3 Bb4 4.Qc2 d5 5.a3 Be7 6.cxd5 exd5 7.Bf4 c6 8.e3 O-O
9.Bd3 Bd6 10.Bg5 h6 11.Bh4 Re8 12.Nge2 Nbd7 13.Ng3 Be7 14.Nf5 Bf8 15.Bg3 Nb6
16.O-O Bxf5 17.Bxf5 Bd6 18.Bh4 Be7 19.Rad1 Nc4 20.Bd3 Nd6 21.f3 Rc8 22.Rfe1 Nd7
23.Bf2 Bh4 24.g3 Be7 25.e4 dxe4 26.fxe4 Nf8 27.e5 Nb5 28.Nxb5 cxb5 29.Qb3 a6
30.Be4 Qb6 31.Qf3 Rc7 32.b4 a5 33.d5 Qa6 34.d6  1-0

[Event "ch-European Blitz 2013"]
[Site "Warsaw POL"]
[Date "2013.12.13"]
[Round "8.2"]
[White "Klekowski,M"]
[Black "Dreev,A"]
[Result "0-1"]
[WhiteElo "2402"]
[BlackElo "2673"]

1.c4 c6 2.Nf3 d5 3.b3 Bg4 4.Bb2 Nd7 5.e3 e6 6.h3 Bh5 7.Be2 Ngf6 8.O-O Bd6
9.Nc3 O-O 10.d4 Qe7 11.cxd5 exd5 12.Nh4 Bxe2 13.Qxe2 Qe6 14.Qc2 Rfe8 15.Nf5 Bf8
16.Rfe1 g6 17.Ng3 Bd6 18.Nf1 Nf8 19.f3 Qd7 20.Rad1 Ne6 21.e4 dxe4 22.Nxe4 Nd5
23.Ne3 Be7 24.Nc4 Qc7 25.Ne5 Rad8 26.Qf2 Bb4 27.Rf1 Bf8 28.f4 f5 29.Ng5 Ndxf4
30.Nxe6 Nxe6 31.Nc4 Bg7 32.Rfe1 Qf4 33.Qxf4 Nxf4 34.Ne5 Bxe5 35.dxe5 Nd3
36.Re2 Nxb2 37.Rxd8 Rxd8 38.Rxb2 Kf7 39.Re2 Ke6 40.Kf2 Rd5 41.Kf3 Rxe5 42.Rd2 Rd5
43.Re2+ Kf7 44.g4 h6 45.gxf5 Rxf5+ 46.Ke4 Kf6 47.Rd2 Re5+ 48.Kf4 Rd5 49.Re2 Rd4+
50.Ke3 Rh4 51.Rf2+ Ke5 52.Rf3 g5 53.Rg3 a5 54.Kf3 Kd4 55.Kg2 Re4 56.Rf3 Re2+  0-1

[Event "ch-European Blitz 2013"]
[Site "Warsaw POL"]
[Date "2013.12.13"]
[Round "9.1"]
[White "Korobov,A"]
[Black "Dreev,A"]
[Result "1/2-1/2"]
[WhiteElo "2713"]
[BlackElo "2673"]

1.d4 d5 2.c4 c6 3.Nc3 Nf6 4.e3 e6 5.Nf3 Nbd7 6.Bd3 dxc4 7.Bxc4 b5 8.Bd3 Bb7
9.e4 b4 10.Na4 c5 11.e5 Nd5 12.O-O cxd4 13.Re1 g6 14.h4 a6 15.Bg5 Qb8 16.Rc1 h6
17.Bd2 Bg7 18.Qe2 O-O 19.h5 g5 20.Qe4 N5f6 21.Qxd4 Bxf3 22.gxf3 Nxh5 23.Qe4 f5
24.exf6 Ndxf6 25.Qxe6+ Kh8 26.Bb1 Nf4 27.Qf5 Qd6 28.Be3 Qd5 29.Nb6 Qxf5 30.Bxf5 Rad8
31.Bc5 Rfe8 32.Kf1 Rxe1+ 33.Rxe1 Bf8 34.Be3 Kg7 35.Rc1 Bd6 36.Nc4 Bb8 37.Na5 Re8
38.Nc6 Bd6 39.Rd1 Bf8 40.Bxf4 gxf4 41.Rd4 h5 42.Rxf4 Kh6 43.Rd4 Bc5 44.Rc4 Bd6
45.Nxb4 Kg5 46.Bh3 Bxb4 47.Rxb4 Nd5 48.Ra4 Nf4 49.Ra5+ Kh4 50.Bf5 Rd8 51.Ke1 Re8+
52.Kd1 Rd8+ 53.Kc2 Re8 54.Be4 Nh3 55.Rxa6 Nxf2 56.a4 Kg3 57.Rg6+ Kf4 58.Rh6 Kg5
59.Rh7 Rc8+ 60.Kb3 h4 61.a5 Rb8+ 62.Ka3 h3 63.b4 Kf4 64.Ka4 Kg3 65.a6 Re8
66.a7 Nxe4 67.fxe4 h2 68.Rxh2 Kxh2 69.Ka5 Kg3 70.b5 Kf4 71.b6 Kxe4 72.b7 Re5+
73.Kb4  1/2-1/2

[Event "ch-European Blitz 2013"]
[Site "Warsaw POL"]
[Date "2013.12.13"]
[Round "9.2"]
[White "Dreev,A"]
[Black "Korobov,A"]
[Result "0-1"]
[WhiteElo "2673"]
[BlackElo "2713"]

1.d4 Nf6 2.c4 g6 3.Nc3 Bg7 4.e4 d6 5.f3 O-O 6.Nge2 Nc6 7.Be3 a6 8.Qd2 Na5
9.Nc1 Nd7 10.Nb3 Nxb3 11.axb3 c5 12.dxc5 Nxc5 13.Ra3 Be6 14.Be2 a5 15.O-O b6
16.Nd5 Bxd5 17.exd5 Na6 18.Raa1 Qc7 19.h4 Nc5 20.Ra3 Na6 21.h5 gxh5 22.Bf2 f5
23.Qg5 Kh8 24.Qxh5 Nb4 25.Raa1 Bxb2 26.Rad1 Be5 27.Rd4 Rg8 28.Rh4 Rg7 29.Qxf5 Qc8
30.Qxc8+ Rxc8 31.Bxb6 Ra8 32.Re4 Na6 33.Bxa5 Nc5 34.Rxe5 Rxa5 35.Re3 Ra3
36.Rb1 Na6 37.Rd3 Nb4 38.Rd2 Rg8 39.Kf2 Kg7 40.Bd1 Kf6 41.Re2 Nd3+ 42.Ke3 Ne5
43.Kd4 Rc8 44.f4 Nd7 45.Re6+ Kf7 46.Bh5+ Kf8 47.Bg4 Nc5 48.Re3 Rb8 49.Bd1 Kf7
50.Rh3 Kg7 51.b4 Ra2 52.Rg3+ Kf6 53.Rh3 Rd2+ 54.Ke3 Rxg2 55.Kf3 Rd2 56.Be2 Na6
57.b5 Nc5 58.Rxh7 Ra8 59.Ke3 Rc2 60.Rg1 Ra3+ 61.Kf2 Ne4+ 62.Ke1 Ra1+ 63.Bd1 Rd2
64.Rh6+ Kf7 65.Rh7+ Ke8 66.Rg8+ Kd7  0-1

[Event "ch-European Blitz 2013"]
[Site "Warsaw POL"]
[Date "2013.12.13"]
[Round "11.1"]
[White "Socko,B"]
[Black "Dreev,A"]
[Result "1-0"]
[WhiteElo "2657"]
[BlackElo "2673"]

1.d4 d5 2.c4 c6 3.e3 Nf6 4.Nf3 Bg4 5.Nc3 e6 6.h3 Bh5 7.g4 Bg6 8.Ne5 Nbd7
9.cxd5 Nxe5 10.dxe6 fxe6 11.dxe5 Nd5 12.Nxd5 exd5 13.Bd3 Bb4+ 14.Ke2 Qe7
15.f4 O-O-O 16.f5 Be8 17.e6 h5 18.Bd2 Bc5 19.Qc2 Kb8 20.Rag1 hxg4 21.hxg4 Rxh1
22.Rxh1 Bd6 23.Kd1 c5 24.Kc1 Bc6 25.Rg1 Bh2 26.Rh1 Be5 27.Rg1 Rc8 28.Kb1 c4
29.Be2 d4 30.exd4 Bxd4 31.Bf4+ Ka8 32.Rd1 Qc5 33.Bxc4 Bf3 34.Rc1 Bxg4 35.Bd3 Qxc2+
36.Rxc2 Rxc2 37.Kxc2 g6 38.e7  1-0

[Event "ch-European Blitz 2013"]
[Site "Warsaw POL"]
[Date "2013.12.13"]
[Round "11.2"]
[White "Dreev,A"]
[Black "Socko,B"]
[Result "0-1"]
[WhiteElo "2673"]
[BlackElo "2657"]

1.d4 Nf6 2.c4 e6 3.Nc3 Bb4 4.Qc2 O-O 5.a3 Bxc3+ 6.Qxc3 d6 7.Bg5 Nbd7 8.e3 b6
9.Nf3 Bb7 10.Nd2 c5 11.dxc5 Nxc5 12.f3 Rc8 13.b4 Ncd7 14.Qb2 h6 15.Bh4 Ne5
16.Be2 Ng6 17.Bf2 d5 18.O-O Qe7 19.Rfd1 Rfd8 20.Bf1 e5 21.cxd5 Nxd5 22.Rac1 Kh7
23.Rxc8 Rxc8 24.Rc1 Rd8 25.Ne4 f5 26.Ng3 Qg5 27.e4 fxe4 28.Nxe4 Qe7 29.Re1 Ndf4
30.Qb1 Kh8 31.Ng3 Nh4 32.Nf5 Nh3+ 33.Kh1 Nxf2+ 34.Kg1 Nh3+ 35.Kh1 Nxf5 36.Qxf5 Ng5
37.Rxe5 Qf6 38.h4 Qxf5 39.Rxf5 Ne6 40.Bc4 Nd4 41.Rf7 Rb8 42.Bd3 a5 43.Kh2 axb4
44.axb4 Bc6 45.h5 Rd8 46.Bg6 Kg8 47.Rc7 Be8 48.g4 Nxf3+ 49.Kg3 Ne5 50.Bf5 Bf7
51.Rb7 Nc4 52.Kf4 Kf8 53.Bg6 Bd5 54.Rc7 Rd6 55.Rc8+ Ke7 56.Rc7+ Rd7 57.Rc8 Be6
58.b5 Rd4+  0-1

[Event "Gibraltar Masters 2014"]
[Site "Caleta ENG"]
[Date "2014.01.28"]
[Round "1.16"]
[White "Dreev,A"]
[Black "Sanchez Botella,L"]
[Result "1-0"]
[WhiteElo "2673"]
[BlackElo "2241"]

1.d4 Nf6 2.c4 e6 3.Nc3 Bb4 4.Qc2 O-O 5.Nf3 c5 6.dxc5 Na6 7.g3 Nxc5 8.Bg2 Nce4
9.O-O Nxc3 10.bxc3 Be7 11.e4 d6 12.e5 dxe5 13.Nxe5 Qc7 14.Qe2 Nd7 15.Bf4 Nxe5
16.Bxe5 Bd6 17.Rfe1 Rb8 18.Rad1 Bxe5 19.Qxe5 Qxe5 20.Rxe5 b6 21.c5 f6 22.cxb6 Rxb6
23.Rc5 Bb7 24.Rc7 Rb8 25.Bf1 Bf3 26.Rd3 R6b7 27.Rxb7 Bxb7 28.c4 Rc8 29.Ra3 a6
30.Rb3 Rc7 31.f4 Kf7 32.Kf2 g5 33.Ke3 gxf4+ 34.gxf4 e5 35.fxe5 fxe5 36.Rb6 Ke7
37.Bd3 e4 38.Be2 Kf8 39.Bg4 Bc8 40.Rb8  1-0

[Event "Gibraltar Masters 2014"]
[Site "Caleta ENG"]
[Date "2014.01.29"]
[Round "2.16"]
[White "Georgiadis,N"]
[Black "Dreev,A"]
[Result "1/2-1/2"]
[WhiteElo "2436"]
[BlackElo "2673"]

1.e4 c6 2.Nc3 d5 3.Nf3 Bg4 4.d4 e6 5.h3 Bxf3 6.Qxf3 dxe4 7.Qxe4 Nf6 8.Qd3 Na6
9.a3 Qa5 10.Rb1 Nc7 11.Be2 Ncd5 12.O-O Be7 13.Bf3 O-O 14.Ne2 b5 15.b3 Rab8
16.c4 bxc4 17.bxc4 Qa6 18.Rxb8 Rxb8 19.Nf4 Nxf4 20.Bxf4 Rd8 21.Bc7 Rc8 22.Be5 Nd7
23.Rb1 Nxe5 24.dxe5 Qxa3 25.Qd7 Rd8 26.Qc7 g6 27.Rb7 Qc1+ 28.Kh2 Qf4+ 29.Kg1 Bh4
30.Rb8 Rxb8 31.Qxb8+ Kg7 32.Qxa7 Qxe5 33.g3 Bxg3 34.fxg3 Qxg3+ 35.Bg2 Qf4
36.Bf1 Qe5 37.c5 Qd4+ 38.Kh2 Qf4+ 39.Kg1 Qd4+ 40.Kh2 Qf4+ 41.Kg1 e5 42.Bg2 Qd4+
43.Kf1 Qd3+ 44.Kf2 Qd2+ 45.Kf1 e4 46.Qe7 Qd3+ 47.Kf2 Qd4+ 48.Ke2 Qd3+ 49.Kf2 Qd4+  1/2-1/2

[Event "Gibraltar Masters 2014"]
[Site "Caleta ENG"]
[Date "2014.01.30"]
[Round "3.25"]
[White "Dreev,A"]
[Black "Trent,L"]
[Result "1-0"]
[WhiteElo "2673"]
[BlackElo "2424"]

1.d4 Nf6 2.c4 g6 3.Nc3 Bg7 4.e4 d6 5.f3 O-O 6.Nge2 c5 7.Be3 Nc6 8.d5 Ne5
9.Ng3 h5 10.Be2 h4 11.Nf1 e6 12.Nd2 exd5 13.cxd5 h3 14.g3 a6 15.O-O b5 16.Qc2 Nh7
17.a4 Bd7 18.axb5 axb5 19.Nxb5 Bxb5 20.Bxb5 Rb8 21.Qa4 Qb6 22.Be2 Qxb2 23.f4 Rb4
24.Qa2 Nd7 25.Nc4 Qb3 26.Qxb3 Rxb3 27.Ra6 Rxe3 28.Nxe3 Bd4 29.Rxd6 Ndf6 30.Bf3 Bxe3+
31.Kh1 g5 32.fxg5 Ne8 33.Rc6 Nxg5 34.e5 Nxf3 35.Rxf3 Bd4 36.d6 Ng7 37.d7 Bxe5
38.Rxc5 Bd4 39.Rc8 Ne6 40.g4 Rd8 41.Rxh3 Bf6 42.Ra3 Kf8 43.Rxd8+ Nxd8 44.Kg2 Ke7
45.Rd3 Ne6 46.Kf3 Bh4 47.Rd5 Kd8 48.Ke4 Ng5+ 49.Ke5 Ne6 50.Kd6 Be7+ 51.Kc6 Bf6
52.Ra5 Ke7 53.Ra8 Nd8+ 54.Kc7 Ne6+ 55.Kc8  1-0

[Event "Gibraltar Masters 2014"]
[Site "Caleta ENG"]
[Date "2014.01.31"]
[Round "4.15"]
[White "Cmilyte,V"]
[Black "Dreev,A"]
[Result "1/2-1/2"]
[WhiteElo "2515"]
[BlackElo "2673"]

1.d4 d5 2.c4 c6 3.Nf3 Nf6 4.Nc3 e6 5.Bg5 Nbd7 6.e3 Qa5 7.cxd5 Nxd5 8.Rc1 Nxc3
9.bxc3 Ba3 10.Rc2 b6 11.Be2 Ba6 12.O-O Bxe2 13.Qxe2 O-O 14.Rd1 Rfe8 15.e4 Rac8
16.Bf4 c5 17.Nd2 b5 18.dxc5 Nxc5 19.Nb1 e5 20.Bg3 a6 21.c4 b4 22.Rd5 Qa4
23.f3 b3 24.axb3 Qxb3 25.Nxa3 Qxa3 26.Bf2 Ne6 27.g3 Rc6 28.Kg2 f6 29.c5 Qa4
30.Rb2 h5 31.Rb6 Rec8 32.Rd2 Nd4 33.Ra2 Qb5 34.Rxb5 Nxe2 35.Rb6 Nd4 36.Bxd4 Rxb6
37.cxb6 exd4 38.Kf2 a5 39.Rxa5 Rc2+ 40.Ke1 Rb2 41.Rxh5 Rxb6 42.Rd5 Rb3 43.Kf2 Rb2+
44.Kg1 Rb1+ 45.Kg2 Rb2+ 46.Kh3 Rf2 47.f4 Rd2 48.Rd7 d3 49.Kg4 Rxh2 50.Rxd3 Kf7
51.Rd7+ Kg6 52.f5+ Kh6 53.Rd8 Kh7 54.Re8 Re2 55.Kf3 Re1 56.g4 Rf1+ 57.Kg2 Rf4
58.Kg3 Rf1 59.e5 fxe5 60.Rxe5 g6 61.Re7+  1/2-1/2